000 00887nam a2200229 a 4500
005 20250607063837.0
008 991125s1993 mx 000 0 spa u
020 _a9700800369
035 _aUPN01000020248
049 _aCG
050 4 _aLB1028
_bE6 no.12
111 2 _aCongreso Nacional de Investigación Educativa
_n(2o :
_d1993 :
_cMéxico)
_928997
245 1 0 _aEnseñanza y aprendizaje de las ciencias histórico sociales /
_cEva Taboada ... [et al.].
260 _aMéxico :
_bSNTE,
_c1993.
300 _a75 p.
440 0 _aEstados de conocimiento.
_pCuaderno ;
_v12
500 _aA la cabeza de la portada: La investigación educativa en los ochenta, perspectiva para los noventa
650 4 _aCiencias sociales
_xEstudio y enseñanza
_96678
650 4 _aEducación
_xInvestigación
_vCongresos
_914375
700 1 _aTaboada Cardone, Eva Lucía,
_ecoaut.
_936328
905 _aLibro
999 _c20248
_d20248